00588nam a2200193 450000500170000001000150001702000260003203500140005803700130007208200150008510000180010024500680011825000100018626000490019627000280024530000370027350000660031070000180037620230518143550.0 aENG-136959 a9780198072621c950.00 aEN-120491 bDBAD/PUB a598.095488 aPande, Satish aBirds Of The Great Andamanese/cBy Satish Pande And Anvita Abbi aFirst aGoa bGoa Publications Private Limitedc2011 a Vasco Da GamabGoa e\ aciv,134p.;c23cm(pbk)bill.(col) aEthino Ornithology And In It Name Classification And culture aAbbi, Anvita